000 00591nam a2200217Ia 4500
003 GCL
008 140319s9999 xx 000 0 ara d
040 _aGCL /
_cGCL
082 0 4 _a810.9
_bط غ
100 1 _aطه حسين
245 1 0 _aغرابيل /
_cطه حسين
700 1 _aمحمد سيد كيلانى
260 _a[S.N] :
_bدار الغرب الاسلامى ،
_c1983
300 _a215 ص
490 _a
650 0 4 _aالادب العربى
650 0 4 _aالمقالات العربية
650 0 4 _aطه حسين
650 0 4 _aالمجموعات
942 _2ddc
_cBK
999 _c35762
_d35762